Statystyki dla Znaki zodiaku

Kliknij tutaj aby rozwiązać quiz!

Ogólne statystyki

  • Ten quiz został rozwiązany 1 242 razy
  • Średni wynik to 11 z 13

Statystyki odpowiedzi

Słońce w gwiazdozbiorze (2011)znak zodiaku% Poprawnych
16 września – 30 październikaPanna
92%
20 stycznia – 16 lutegoKoziorożec
90%
21 czerwca – 20 lipcaBliźnięta
89%
16 lutego – 11 marcaWodnik
89%
30 października – 23 listopadaWaga
88%
13 maja – 21 czerwcaByk
87%
10 sierpnia – 16 wrześniaLew
87%
20 lipca – 10 sierpniaRak
87%
23 listopada – 29 listopadaSkorpion
84%
17 grudnia – 20 styczniaStrzelec
84%
18 kwietnia – 13 majaBaran
83%
11 marca – 18 kwietniaRyby
83%
29 listopada – 17 grudniaWężownik
26%

Rozkład punktacji

Percentyl według liczby udzielonych odpowiedzi

Procent ludzi z każdym wynikiem

Twoja historia wyników

Nie rozwiązałeś tego quizu